Mémoire flash numérique - Statistiques

Statistiques générales
  • Ce quiz a été pris 189 fois
  • Le résultat moyen est 46 sur 106
Statistiques - réponses
Hint Réponse % Correct
42 4
92%

?

2
85%
836 8
85%

?

3
84%
8424 1 8
84%
7344 7
82%

?

3
81%

?

4
81%

?

4
81%

?

6
81%

?

2
80%

?

4
80%

?

3
76%

?

8
76%

?

4
75%

?

5
75%
6358 45 6
75%
8551 62 8
75%

?

1
74%

?

1
69%

?

5
69%
4182 781 4
68%

?

2
67%

?

1
66%

?

2
66%

?

5
64%

?

6
64%

?

5
63%
6413 853 6
63%

?

8
63%

?

1
61%

?

3
61%

?

4
61%

?

7
61%

?

4
57%
1248 2217 1
56%

?

2
56%

?

4
56%
7438 1254 7
56%

?

2
54%

?

8
54%

?

4
53%

?

1
51%

?

2
51%

?

3
51%

?

7
51%

?

8
51%

?

8
50%

?

1
49%

?

2
47%

?

1
46%

?

8
46%

?

3
45%

?

4
45%
8482 5416 8 8
45%

?

8
45%

?

5
44%

?

2
43%

?

4
42%

?

5
42%
3672 7677 4 3
41%

?

7
39%

?

2
38%

?

4
37%

?

6
37%

?

7
33%

?

1
30%

?

5
30%

?

8
29%

?

1
27%
3841 2578 53 3
27%

?

6
27%

?

4
26%

?

7
26%

?

7
25%

?

8
23%

?

6
21%
4562 3651 14 4
18%

?

2
16%

?

2
15%

?

5
15%

?

6
15%

?

7
15%

?

4
14%

?

3
13%

?

8
13%

?

5
12%
1415 8473 6842 1
9%

?

4
9%

?

6
9%

?

1
8%

?

1
8%

?

3
8%

?

4
8%

?

5
8%

?

8
8%

?

4
7%

?

5
7%

?

5
6%

?

1
5%

?

3
5%

?

7
5%

?

2
3%

?

4
1%

?

6
1%

?

8
0%
Aucun quiz correspondant
Distribution des résultats
% des personnes avec chaque résultat
Percentile par nombre de réponses
Votre historique - résultats
Vous n’avez pas pris ce quiz